| 000 | 01420cam a2200337 a 4500 | ||
|---|---|---|---|
| 001 | 3542400 | ||
| 003 | OSt | ||
| 005 | 20230923141041.0 | ||
| 008 | 970327s1997 nyua b 001 0 eng | ||
| 010 | _a 97014026 | ||
| 020 | _a0306454521 | ||
| 040 |
_aDLC _cDLC _dDLC |
||
| 050 | 0 | 0 |
_aTJ213 _b.L433 1997 |
| 082 | 0 | 0 |
_a629.89 _bLEW/F |
| 100 | 1 |
_aLewis, Harold W. _99575 |
|
| 245 | 1 | 4 |
_aThe foundations of fuzzy control / _cHarold W. Lewis III. |
| 260 |
_aNew York : _bPlenum Press, _cc1997. |
||
| 300 |
_axv, 299 p. : _bill. ; _c24 cm. |
||
| 440 | 4 | _aThe language of science | |
| 490 | 1 |
_aInternational Federation for Systems Research international series on systems science and engineering ; _vv. 10 |
|
| 504 | _aIncludes bibliographical references (p. 285-290) and index. | ||
| 650 | 0 | _aAutomatic control. | |
| 650 | 0 | _aControl theory. | |
| 650 | 0 | _aFuzzy systems. | |
| 830 | 0 |
_aIFSR international series on systems science and engineering ; _vv. 10. |
|
| 856 | 4 | 2 |
_3Publisher description _uhttp://www.loc.gov/catdir/enhancements/fy0821/97014026-d.html |
| 856 | 4 | 1 |
_3Table of contents only _uhttp://www.loc.gov/catdir/enhancements/fy0821/97014026-t.html |
| 906 |
_a7 _bcbc _corignew _d1 _eocip _f19 _gy-gencatlg |
||
| 942 |
_2ddc _cBK _h629.89 _iLEW/F _k629.89 _mLEW/F |
||
| 999 |
_c42329 _d42329 |
||